000 00415nam a2200157Ia 4500
008 210210b2000 xxu||||| |||| 00| 0 eng d
020 _a0 14 100262 X
082 _a423 ALLN
100 _aALLEM (Robert), Ed.
245 _aNew Penguin english dictionary.
260 _aN D
_bPenguin Books
_c2000
300 _ax,1642
650 _aPenguin English Dictionary
690 _aEnglish Dictionaries
906 _a055970
999 _c103470
_d103470